| 000 | 00454nam a22001697a 4500 | ||
|---|---|---|---|
| 005 | 20240110120033.0 | ||
| 008 | 220120b ||||| |||| 00| 0 eng d | ||
| 020 | _a978-81-312-5574-2 | ||
| 041 | _aeng | ||
| 082 | _a611 | ||
| 100 |
_aDRAKE, RICHARD.,VOGL,A. WAYNE AND MITCHELL,ADAM W.M. _98378 |
||
| 245 | _aGRAY'S ANATOMY FOR STUDENTS [VOL-1] | ||
| 260 |
_bELSEVIER _c2020 |
||
| 300 | _a716;p | ||
| 650 |
_aBPT PHARMACY _xB.PHARMA _97480 |
||
| 942 | _cBK | ||
| 999 |
_c7844 _d7842 |
||